00329nam a2200121Ia 4500008004100000082001000041100002700051245003500078600001200113630003500125700001200160730003500172090122s9999 xx 000 0 und d b10682 aGardnerbErlecStanley aThe Case of the Fugitive Nurse aGardner aThe Case of the Fugitive Nurse aGardner aThe Case of the Fugitive Nurse